|
|
|
|
| LEADER |
00000nas a2200000 a 4500 |
| 001 |
ssj0005825 |
| 003 |
WaSeSS |
| 005 |
20200512172242.0 |
| 006 |
m d |
| 007 |
cr n |
| 008 |
851101c198u9999mdubr p s 0 a0eng c |
| 010 |
|
|
|a sn 85004845
|
| 016 |
7 |
|
|a 9884974
|2 DNLM
|
| 016 |
7 |
|
|a SR0069244
|2 DNLM
|
| 022 |
|
|
|l 0885-7636
|y 0885-7636
|
| 035 |
|
|
|a (WaSeSS)ssj0005825
|
| 037 |
|
|
|b Baltimore Vegetarians, P.O. Box 1463, Baltimore, MD 21203
|
| 040 |
|
|
|a NSD
|b eng
|c NSD
|d AGL
|d NLM
|d OCLCQ
|d SCL
|d OCLCQ
|d COA
|d OCLCQ
|d OCLCF
|d CUS
|d EUW
|d JDP
|d OCLCQ
|d OCLCO
|d WaSeSS
|
| 042 |
|
|
|a nsdp
|a pcc
|
| 050 |
1 |
4 |
|a TX293
|b .V43
|
| 070 |
0 |
|
|a TX392
|b .V44
|
| 072 |
|
0 |
|a T000
|
| 222 |
|
0 |
|a Vegetarian journal
|
| 245 |
0 |
0 |
|a Vegetarian journal
|h [electronic resource].
|
| 260 |
|
|
|a Baltimore, MD. :
|b Baltimore Vegetarians
|
| 310 |
|
|
|a Bimonthly,
|b <1999->
|
| 321 |
|
|
|a Monthly,
|b 1985-
|
| 362 |
1 |
|
|a Began in 1985.
|
| 500 |
|
|
|a Publisher: Vegetarian Resource Group, <1999->
|
| 506 |
|
|
|a License restrictions may limit access.
|
| 588 |
|
|
|a Description based on: Vol. 6, no. 10 (Oct. 1985); title from caption.
|
| 588 |
|
|
|a Latest issue consulted: Vol. 18, no. 5 (Sept./Oct. 1999).
|
| 650 |
|
0 |
|a Vegetarianism
|v Periodicals.
|
| 650 |
|
0 |
|a Vegetarian cooking
|v Periodicals.
|
| 650 |
|
7 |
|a Vegetarian cooking.
|2 fast
|0 (OCoLC)fst01754701
|
| 650 |
|
7 |
|a Vegetarianism.
|2 fast
|0 (OCoLC)fst01164896
|
| 655 |
|
0 |
|a Electronic journals.
|
| 710 |
2 |
|
|a Vegetarian Resource Group.
|
| 776 |
0 |
8 |
|i Microfilm version:
|t Vegetarian journal
|w (OCoLC)42316318
|
| 780 |
0 |
0 |
|t Baltimore vegetarians
|x 0883-1165
|w (OCoLC)12066119
|
| 856 |
4 |
0 |
|z Full text available from Research Library: 01/01/2011 to present
|u https://search.proquest.com/publication/996343
|